Pays se terminant par.... - Statistiques

Statistiques générales
  • Ce quiz a été pris 396 fois
  • Le résultat moyen est 120 sur 199
Statistiques - réponses
Réponse % Correct
Israël
93%
Canada
91%
Monaco
86%
Laos
85%
Malawi
82%
Zimbabwe
82%
Danemark
81%
Libye
79%
Barbade
78%
Grèce
78%
Koweït
78%
Mali
78%
Norvège
77%
Panama
77%
Pays-Bas
77%
Allemagne
76%
Bangladesh
76%
Suède
76%
Gabon
75%
Monténégro
74%
Tchad
74%
Cambodge
73%
Haïti
73%
Liban
73%
Chili
72%
Niger
71%
Belize
70%
Irak
70%
Iran
70%
Malte
70%
Nicaragua
70%
Paraguay
70%
Togo
70%
Uruguay
70%
Vanuatu
70%
Bahreïn
69%
Bénin
69%
Colombie
69%
Fidji
69%
Géorgie
69%
Kenya
69%
Kosovo
69%
Namibie
69%
Palaos
69%
Samoa
69%
Sénégal
69%
Tuvalu
69%
Burkina Faso
68%
Chine
68%
Congo
68%
Espagne
68%
Grenade
68%
Guatemala
68%
Guinée
68%
Liechtenstein
68%
Marshall (Iles)
68%
Népal
68%
Brunei
67%
Cuba
67%
Brésil
66%
Cameroun
66%
Corée du Sud
66%
France
66%
Japon
66%
Portugal
66%
Angola
65%
Argentine
65%
Lesotho
65%
Soudan
65%
Albanie
64%
Burundi
64%
Inde
64%
Maroc
64%
Suriname
64%
Taïwan
64%
Afghanistan
63%
Azerbaïdjan
63%
Equateur
63%
Irlande
63%
Islande
63%
Nigeria
63%
Pakistan
63%
Pérou
63%
Pologne
63%
Rwanda
63%
Suisse
63%
Viêt Nam
63%
Afrique du Sud
62%
Ghana
62%
Guinée-Bissau
62%
Royaume-Uni
62%
Autriche
61%
Erythrée
61%
Luxembourg
61%
Soudan du Sud
61%
Yémen
61%
Costa Rica
60%
Kiribati
60%
Mongolie
60%
Qatar
60%
Serbie
60%
Sri Lanka
60%
Tadjikistan
60%
Zambie
60%
Bahamas
59%
Bolivie
59%
Corée du Nord
59%
Finlande
59%
Gambie
59%
Madagascar
59%
Mexique
59%
Oman
59%
Trinité-et-Tobago
59%
Turkménistan
59%
Algérie
58%
Andorre
58%
Cap-Vert
58%
Honduras
58%
Salvador
58%
Arménie
57%
Croatie
57%
Egypte
57%
Estonie
57%
Etats-Unis
57%
Italie
57%
Kazakhstan
57%
Ouganda
57%
Russie
57%
Somalie
57%
Tonga
57%
Venezuela
57%
Lettonie
56%
Lituanie
56%
Maldives
56%
Slovénie
56%
Kirghizistan
55%
Liberia
55%
Ouzbékistan
55%
Chypre
54%
Cook (Iles)
54%
Salomon (Iles)
54%
Bhoutan
53%
Biélorussie
53%
Botswana
53%
Comores
53%
Malaisie
53%
Moldavie
53%
Seychelles
53%
Tunisie
53%
Turquie
53%
Vatican
53%
Australie
52%
Guyana
52%
Indonésie
52%
Jamaïque
52%
Mozambique
52%
Papouasie-Nouvelle-Guinée
52%
Belgique
51%
Bulgarie
51%
Nauru
51%
Roumanie
51%
Saint-Marin
51%
Hongrie
50%
Birmanie
49%
Ethiopie
49%
Sierra Leone
49%
Bosnie-Herzégovine
48%
Philippines
48%
Sainte-Lucie
48%
Slovaquie
48%
Tanzanie
48%
Ukraine
48%
Eswatini
47%
Guinée Equatoriale
47%
Mauritanie
47%
Singapour
47%
Timor Oriental
47%
Dominique
46%
Thaïlande
46%
Nouvelle-Zélande
45%
Arabie Saoudite
44%
Emirats Arabes Unis
44%
Jordanie
44%
Maurice
44%
RD Congo
44%
République Dominicaine
44%
Syrie
44%
Djibouti
43%
Macédoine du Nord
43%
Antigua-et-Barbuda
42%
Micronésie
41%
Sao-Tomé-et-Principe
41%
République Tchèque
40%
République Centrafricaine
39%
Saint-Christophe-et-Nièves
39%
Saint-Vincent-et-les-Grenadines
39%
Côte d'Ivoire
36%
Palestine
21%
Niue
20%
Aucun quiz correspondant
Distribution des résultats
% des personnes avec chaque résultat
Percentile par nombre de réponses
Votre historique - résultats
Vous n’avez pas pris ce quiz